=LDR 00000nam 2200000 4500 =001 INLIS000000000052791 =005 20230523090537 =035 ##$$a 0010-0318000018 =007 ta =008 230523################g##########0#ind## =020 ##$$a 978-602-262-434-9 =082 ##$$a 372.7 =084 ##$$a 372.7 PIT p =100 #$$a Pitadjeng =245 1#$$a Pembelajaran Matematika yang menyenangkan /$c Pitadjeng =260 ##$$a Yogyakarta :$b Graha Ilmu,$c 2015 =300 ##$$a ix, 228 hlm. : $b ilus. ; $c 23 x 16 cm. =650 #4$$a Matematika (SD) -Metode pembelajaran =504 ##$$a Bibliografi : hlm. 225-228 =250 ##$$a Cet. 1 =990 ##$$a 21709075 =990 ##$$a 21709074 =990 ##$$a 21709073 =990 ##$$a 21709072 =990 ##$$a 21709071 =990 ##$$a 21709075 =990 ##$$a 21709074 =990 ##$$a 21709073 =990 ##$$a 21709072 =990 ##$$a 21709071